| 000 | 00801cam a2200265 i 4500 | ||
|---|---|---|---|
| 999 |
_c14501 _d14501 |
||
| 001 | 4107167 | ||
| 003 | OSt | ||
| 005 | 20210206133110.0 | ||
| 008 | 750515s1975 nyua b 001 0 eng | ||
| 010 | _a 75016123 | ||
| 020 | _a9788125931845 | ||
| 040 |
_aDLC _coclc _dDLC |
||
| 043 | _aa-ii--- | ||
| 050 | 0 | 0 |
_aDS480.84 _b.C75 |
| 082 | 0 | 0 |
_a954.04 _bLAP/F |
| 100 | 1 |
_aCollins, Larry _9135 |
|
| 245 | 1 | 0 |
_aFreedom at Midnight / _cLarry Collins and Dominique Lapierre. |
| 260 |
_aNoida : _bVikas Publishing House, _c2010 |
||
| 300 | _a774 p. : | ||
| 500 | _aIncludes index. | ||
| 651 | 0 |
_aIndia _xHistory _y1947- |
|
| 700 | 1 |
_aLapierre, Dominique, _ejoint author. |
|
| 906 |
_a7 _bcbc _corignew _d1 _eocip _f19 _gy-gencatlg |
||
| 942 |
_2ddc _cBK _h954.04 _iLAP/F _k954.04 _mLAP/F |
||